|
|
|
|
| LEADER |
00000nab a2200000 a 4500 |
| 001 |
vtls000277672 |
| 003 |
SK-MaSNL |
| 005 |
20260304062857.0 |
| 008 |
111130c1987 xo 0 slo |
| 015 |
|
|
|a SNBRB19rr/mm-uuuuu
|
| 035 |
|
|
|a CL0287790
|
| 040 |
|
|
|a SNKBUCL
|b slo
|c SNKBUCL
|e AACR2
|
| 041 |
0 |
|
|a slo
|
| 044 |
|
|
|a xo
|c SK
|
| 080 |
|
|
|a 327(100-11)(47:597)
|2 1981
|
| 080 |
|
|
|a 327(100-11)(597:47)
|2 1981
|
| 100 |
1 |
|
|a Latta, Boris,
|d 1952-2019
|4 aut
|9 188135
|
| 245 |
1 |
0 |
|a Mier nemožno rozdeliť
|c Boris Latta
|
| 651 |
|
7 |
|a Vietnam
|2 snkbucl
|9 24934
|
| 651 |
|
7 |
|a Sovietsky zväz
|2 snkbucl
|9 22126
|
| 655 |
|
7 |
|a články z novín a časopisov
|2 snkbucl
|9 267496
|
| 773 |
0 |
|
|t Pravda
|g Roč. 68, č. 116 (21. 5. 1987), s. 7
|
| 850 |
|
|
|a Slovenská národná knižnica v Martine
|a MTA001
|
| 852 |
|
|
|a SNK
|b KIS3GCP
|
| 958 |
|
|
|a RK
|
| 958 |
|
|
|a SU
|
| 992 |
|
|
|a RBX
|
| 999 |
|
|
|c 2739986
|d 2741916
|